| 000 | 01066cam a2200277 a 4500 | ||
|---|---|---|---|
| 001 | 000010531 | ||
| 005 | 20200929162238.0 | ||
| 008 | 800822s1980 sp b 000 p spa d | ||
| 020 | _a8424935462 | ||
| 035 | _a(DLC) 80131082 | ||
| 040 |
_aDO-SdBNP _bspa _cBNPHU _dDLC |
||
| 082 |
_a881.1 _bL768g |
||
| 245 | 0 | 0 |
_aLírica griega arcaica : _b(poemas corales y monódicos, 700-300 a.C.) / _cintroducciones, traducciones y notas Francisco Rodríguez Adrados. |
| 260 |
_aMadrid : _bGredos, _cc1980. |
||
| 300 |
_a491 p. ; _c20 cm. |
||
| 490 | 1 |
_aBiblioteca clásica Gredos _v31 |
|
| 504 | _aIncluye bibliografía al final de cada capítulo y notas al pie de las páginas. | ||
| 650 | 4 |
_aPoesía griega _95285 |
|
| 650 | 4 |
_aPoesía lírica _93066 |
|
| 650 | 4 |
_aLiteratura griega _92386 |
|
| 700 | 1 |
_aAdrados, Francisco Rodríguez, _d1922- _etr. _925545 |
|
| 830 | 0 |
_aBiblioteca clásica Gredos ; _v31 _98642 |
|
| 856 | 4 | 2 |
_3Publisher description _uhttp://www.loc.gov/catdir/enhancements/fy0909/80131082-d.html |
| 910 | _aCatalogación por copia / LC | ||
| 049 | _aBNGR | ||
| 999 |
_c10289 _d10289 |
||